| 000 | 00502nam a22001817a 4500 | ||
|---|---|---|---|
| 003 | MPLRDC | ||
| 005 | 20220104183653.0 | ||
| 008 | 210129b ||||| |||| 00| 0 eng d | ||
| 020 | _a983-2238-25-0 | ||
| 082 | _a427.11 LSZ | ||
| 100 | _a蓝赛珍 | ||
| 245 |
_a蓝赛珍美食天地(有声书) _c |
||
| 260 |
_a马来西亚 _b好生活饮食系列(马)有限公司 _c |
||
| 300 | _b随书附 1 CD | ||
| 490 | _a中菜系列(二), 宴客菜肴 | ||
| 650 | _a中菜食谱 | ||
| 942 |
_cBK _o427.11 LSZ |
||
| 999 |
_c62514 _d62504 |
||